000
00306nam a22001337a 4500
008
171123b xxu||||| |||| 00| 0 eng d
020
_a
0442293917
041
_a
eng
080
_a
004
100
_a
37
101
_a
MAT
245
_a
INFORMATION TECHNOLOGY AN INTRODUCTION
_c
PETER.Z
942
_2
udc
_c
BK
999
_c
38339
_d
38339